| 000 | 01399nam a2200373 4500 | ||
|---|---|---|---|
| 001 | 13881891 | ||
| 005 | 20141027145344.0 | ||
| 007 | 000 | ||
| 008 | 000 | ||
| 010 | _a 2005295721 | ||
| 015 |
_aGBA475216 _2bnb |
||
| 016 | 7 |
_a013018039 _2Uk |
|
| 020 | _a047148735X (hbk.) | ||
| 020 | _a0471661597 (WIE) | ||
| 035 | _a(OCoLC)ocm56805867 | ||
| 040 |
_aUOEL _cUKM _dBGU _dGZM _dC#P _dDLC |
||
| 042 | _alccopycat | ||
| 050 | 0 | 0 |
_aQA279 _b.M66 2005 |
| 082 | 0 | 4 |
_a001.434 _222 |
| 100 | 1 | _aMontgomery, Douglas C. | |
| 245 | 1 | 0 |
_aDesign and analysis of experiments / _cDouglas C. Montgomery. |
| 250 | _a6th ed. | ||
| 260 |
_aHoboken, NJ : _bJohn Wiley & Sons, _cc2005. |
||
| 300 |
_axv, 643 p. : _bill. ; _c26 cm. |
||
| 500 | _aPrevious ed.: 2001. | ||
| 504 | _aIncludes bibliographical references (p. 595-601) and index. | ||
| 650 | 0 |
_aExperimental design. _xMathematics |
|
| 856 | 4 | 2 |
_3Contributor biographical information _uhttp://www.loc.gov/catdir/enhancements/fy0627/2005295721-b.html |
| 856 | 4 | 2 |
_3Publisher description _uhttp://www.loc.gov/catdir/enhancements/fy0627/2005295721-d.html |
| 856 | 4 | 1 |
_3Table of contents only _uhttp://www.loc.gov/catdir/enhancements/fy0627/2005295721-t.html |
| 906 |
_a7 _bcbc _ccopycat _d3 _encip _f20 _gy-gencatlg |
||
| 942 |
_2lcc _cSL2 |
||
| 999 |
_c960 _d960 |
||